Régions de Miss France - Statistiques

Statistiques générales
  • Ce quiz a été pris 301 fois
  • Le résultat moyen est 22 sur 32
Statistiques - réponses
# Région % Correct
16 Miss Île-de-France
95%
6 Miss Bretagne
90%
4 Miss Nord-Pas-de-Calais
90%
4 Miss Guadeloupe
89%
7 Miss Normandie
88%
1 Miss Martinique
86%
1 Miss Provence
84%
7 Miss Alsace
81%
7 Miss Aquitaine
80%
2 Miss Réunion
79%
0 Miss Auvergne
77%
1 Miss Guyane
77%
6 Miss Tahiti
77%
6 Miss Côte d'Azur
76%
7 Miss Rhône-Alpes
74%
1 Miss Corse
71%
2 Miss Bourgogne
69%
4 Miss Languedoc-Roussillon
69%
0 Miss Mayotte
68%
4 Miss Picardie
68%
1 Miss Centre-Val-de-Loire
67%
3 Miss Lorraine
67%
1 Miss Nouvelle-Calédonie
60%
3 Miss Pays de la Loire
60%
0 Miss Champagne-Ardenne
57%
2 Miss Franche-Comté
54%
0 Miss Limousin
53%
3 Miss Midi-Pyrénées
48%
4 Miss Poitou-Charentes
34%
0 Miss Saint-Martin et Saint-Barthélémy
30%
0 Miss Saint-Pierre-et-Miquelon
25%
0 Miss Wallis-et-Futuna
20%
Aucun quiz correspondant
Distribution des résultats
% des personnes avec chaque résultat
Percentile par nombre de réponses
Votre historique - résultats
Vous n’avez pas pris ce quiz